Zhrnutie o živnosti

Podmienky prevádzkovania živnosti stanovené v zákone č. 455/1991 Zb. o živnostenskom podnikaní. Vznik a trvanie živnosti z hľadiska odvodov a daní. Status SZČO a vznik povinného poistenia. Povinnosti voči daňovému úradu. Živnosť popri zamestnaní. Živnosť popri štúdiu. Živnosť popri dôchodku. Pozasta...

Full description

Saved in:
Bibliographic Details
Main Author: Danajovičová, Katarína
Format: Book Chapter
Language:Slovak
Subjects:
Tags: Add Tag
No Tags, Be the first to tag this record!

MARC

LEADER 00000naa a2200000 4500
001 0259741
005 20191119101424.8
041 0 |a slo 
044 |a SK 
245 1 0 |a Zhrnutie o živnosti  |c Katarína Danajovičová 
520 |a Podmienky prevádzkovania živnosti stanovené v zákone č. 455/1991 Zb. o živnostenskom podnikaní. Vznik a trvanie živnosti z hľadiska odvodov a daní. Status SZČO a vznik povinného poistenia. Povinnosti voči daňovému úradu. Živnosť popri zamestnaní. Živnosť popri štúdiu. Živnosť popri dôchodku. Pozastavenie živnosti. Zrušenie živnosti. 
610 2 0 |a živnosti 
610 2 0 |a živnostníci 
610 2 0 |a osoby samostatne zárobkovo činné 
610 2 0 |a odvody 
610 2 0 |a poistenie zdravotné 
610 2 0 |a poistenie sociálne 
610 2 0 |a dane z príjmov 
100 1 |a Danajovičová, Katarína